Online
Catalog

Filosofía y crisis / (Record no. 15776)

MARC details
000 -CABECERA
campo de control de longitud fija 00817cam a2200241 a 4500
001 - NÚMERO DE CONTROL
campo de control 000016239
005 - FECHA Y HORA DE LA ÚLTIMA TRANSACCIÓN
campo de control 20200929164331.0
008 - DATOS DE LONGITUD FIJA--INFORMACIÓN GENERAL
campo de control de longitud fija 870323s1984 nq 000 0 spa d
040 ## - FUENTE DE LA CATALOGACIÓN
Centro catalogador/agencia de origen DO-SdBNP
Lengua de catalogación spa
Centro/agencia transcriptor BNPHU
082 ## - NÚMERO DE LA CLASIFICACIÓN DECIMAL DEWEY
Número de clasificación 199
Número de documento/Ítem S487f
049 ## - FONDOS LOCALES (OCLC)
Fondos de biblioteca BNGR
100 1# - ENTRADA PRINCIPAL--NOMBRE DE PERSONA
Nombre de persona Serrano Caldera, Alejandro.
9 (RLIN) 36294
245 10 - MENCIÓN DE TÍTULO
Título Filosofía y crisis /
Mención de responsabilidad, etc. Alejandro Serrano Caldera.
260 ## - PUBLICACIÓN, DISTRIBUCIÓN, ETC.
Lugar de publicación, distribución, etc. Managua :
Nombre del editor, distribuidor, etc. Nueva Nicaragua,
Fecha de publicación, distribución, etc. 1984.
300 ## - DESCRIPCIÓN FÍSICA
Extensión 164 p. ;
Dimensiones 19 cm.
504 ## - NOTA DE BIBLIOGRAFÍA, ETC.
Nota de bibliografía, etc. Incluye bibliografía: p. 159-164.
504 ## - NOTA DE BIBLIOGRAFÍA, ETC.
Nota de bibliografía, etc. Incluye referencia al pie de páginas
590 ## - NOTA LOCAL (RLIN)
Nota local Perteneció a la biblioteca personal de Juan Isidro Jimenes Grullón
650 #4 - PUNTO DE ACCESO ADICIONAL DE MATERIA--TÉRMINO DE MATERIA
Término de materia o nombre geográfico como elemento de entrada Filosofía latinoaméricana
9 (RLIN) 471
650 #4 - PUNTO DE ACCESO ADICIONAL DE MATERIA--TÉRMINO DE MATERIA
Término de materia o nombre geográfico como elemento de entrada Filosofía europea
9 (RLIN) 36295
650 #4 - PUNTO DE ACCESO ADICIONAL DE MATERIA--TÉRMINO DE MATERIA
Término de materia o nombre geográfico como elemento de entrada Filosofía
Subdivisión general Historia
9 (RLIN) 528
910 ## - DATOS DE OPCIÓN DEL USUARIO (OCLC)
Datos de opción del usuario Validado. Control de calidad MFF
Holdings
Estado de retiro Estado de pérdida Restricciones de uso No para préstamo Código de colección Localización permanente Ubicación/localización actual Ubicación en estantería Fecha de adquisición Número de inventario Total de préstamos Signatura topográfica completa Código de barras Fecha visto por última vez Precio válido a partir de Tipo de ítem Koha Nota pública Número de copia
      Excluido de préstamo Monografías: Libros y Folletos General General Depósito 01.03.2010 LF1   199 S487f 16239-10 25.06.2020 25.06.2020 No se presta Perteneció a la biblioteca personal de Juan Isidro Jimenes Grullón  
      Excluido de préstamo Monografías: Libros y Folletos General General Depósito 19.10.2011 LF1   199 S487f 16239-20 25.06.2020 25.06.2020 No se presta   e.2

Powered by Koha